Msti he chaie basant pawan par part 1 / (Record no. 43142)
[ view plain ]
| 000 -LEADER | |
|---|---|
| fixed length control field | 01101njm a22002657a 4500 |
| 005 - DATE AND TIME OF LATEST TRANSACTION | |
| control field | 20100830143451.0 |
| 007 - PHYSICAL DESCRIPTION FIXED FIELD--GENERAL INFORMATION | |
| fixed length control field | sd ammalaaahaa |
| 008 - FIXED-LENGTH DATA ELEMENTS--GENERAL INFORMATION | |
| fixed length control field | 100830t xxu||||| |||| 00| 0 d |
| 028 ## - PUBLISHER NUMBER | |
| Publisher number | GE. 2725 |
| Source | Columbia |
| 028 ## - PUBLISHER NUMBER | |
| Publisher number | CEI. 23098 |
| Source | Columbia |
| 028 ## - PUBLISHER NUMBER | |
| Publisher number | CEI. 23097 |
| Source | Columbia |
| 035 ## - SYSTEM CONTROL NUMBER | |
| System control number | GR-66 |
| 040 ## - CATALOGING SOURCE | |
| Original cataloging agency | SED/VEN |
| 100 ## - MAIN ENTRY--PERSONAL NAME | |
| 9 (RLIN) | 17458 |
| Personal name | Hemanta Kumar |
| 245 ## - TITLE STATEMENT | |
| Title | Msti he chaie basant pawan par part 1 / |
| Statement of responsibility, etc | by Hemanta Kumar |
| Medium | [Sound recording] : |
| 246 ## - VARYING FORM OF TITLE | |
| Title proper/short title | मस्ती है छायी बसंत पवन पर (हेमंत कुमार) |
| 260 ## - PUBLICATION, DISTRIBUTION, ETC. (IMPRINT) | |
| Place of publication, distribution, etc | Dum Dum, India |
| Name of publisher, distributor, etc | Columbia Gramophone Co. |
| 300 ## - PHYSICAL DESCRIPTION | |
| Extent | 1 Sound disc [Gramophone Record] : |
| Other physical details | anlog, 33 1/3 rpm |
| Dimensions | 10 in (LP) |
| Type of unit | Gramophone Records |
| 500 ## - GENERAL NOTE | |
| General note | Brief record |
| 505 ## - FORMATTED CONTENTS NOTE | |
| Formatted contents note | Madhuwan me na Shyam bulao (मधुवन में ना श्याम बुलाओ) भाग 2 |
| 650 ## - SUBJECT ADDED ENTRY--TOPICAL TERM | |
| Topical term or geographic name as entry element | Clasical music |
| 9 (RLIN) | 1186 |
| Geographic subdivision | India |
| General subdivision | Exepects |
| 700 ## - ADDED ENTRY--PERSONAL NAME | |
| 9 (RLIN) | 17459 |
| 942 ## - ADDED ENTRY ELEMENTS (KOHA) | |
| Source of classification or shelving scheme | Dewey Decimal Classification |
| Item type | Gramaphone Records |
| Withdrawn status | Lost status | Source of classification or shelving scheme | Damaged status | Not for loan | Collection code | Home library | Current library | Date acquired | Source of acquisition | Total Checkouts | Full call number | Barcode | Date last seen | Copy number | Price effective from | Koha item type |
|---|---|---|---|---|---|---|---|---|---|---|---|---|---|---|---|---|
| Dewey Decimal Classification | Not For Loan | Non-fiction | Central Jail Tihar | Central Library | 30/08/2010 | SED/VEN | GR-66 | GR-66 | 30/08/2010 | 1 | 30/08/2010 | Gramaphone Records |
